| 000 | 00430nam a2200157 4500 | ||
|---|---|---|---|
| 003 | SEACOMMC | ||
| 005 | 20250426123613.0 | ||
| 008 | 241206b |||||||| |||| 00| 0 eng d | ||
| 020 |
_a 978-1591-39130-2 _c$19.95 |
||
| 040 | _aSEACOMMC | ||
| 082 |
_a658.4052 _bI 58 |
||
| 245 | 1 | _a The Innovative Enterprise : Harvard Business Review | |
| 260 |
_aU.S.A _b Harvard Business School Pub. _c 2003 |
||
| 650 | _aManagement | ||
| 942 | _cBOOK | ||
| 999 |
_c839 _d839 |
||